00305nam a22001217a 4500003000400000008004100004020001700045100002100062245005200083250000900135260003000144300000900174OSt201119b ||||| |||| 00| 0 eng d a978019818690 aSanders, Andrew. aThe Short Oxford History of English Literature  a3rd. aNew delhi bOxfordc 2005 a755.